El efecto invernadero : el desastre de mañana, hoy /
Guardado en:
| Autor Principal: | |
|---|---|
| Otros Autores: | |
| Formato: | Libro |
| Publicado: |
España :
Mcgraw-hill,
1992
|
| Series: | Serie Mcgraw-hill de Divulgación Científica
|
| Materias: | |
| Etiquetas: |
Agregar Etiqueta
Sin Etiquetas, Sea el primero en etiquetar este registro!
|
| LEADER | 01037nam a22002535a 4500 | ||
|---|---|---|---|
| 001 | CEM.cems007618 | ||
| 005 | 20100706112805.0 | ||
| 008 | 130507s1992##################000#0#####d | ||
| 003 | CEMS | ||
| 020 | |a 8476157894 | ||
| 082 | 0 | 4 | |a 574.5 |
| 100 | 1 | |a Erickson, Jon | |
| 245 | 1 | 0 | |a El efecto invernadero : |b el desastre de mañana, hoy / |c Jon Erickson ; traducción de Igancio Esapñol Echaniz |
| 260 | |a España : |b Mcgraw-hill, |c 1992 | ||
| 300 | |a 217 p. | ||
| 490 | 0 | |a Serie Mcgraw-hill de Divulgación Científica | |
| 505 | 0 | |a El primer invernadero -- El ciclo geológico -- El ciclo del agua -- Los agentes del clima -- Los combustibles fósiles -- La contaminación industrial -- La deforestación -- La agricultura -- La fusión de los casquetes polares -- El calentamiento global | |
| 653 | |a Climatología | ||
| 653 | |a Contaminación | ||
| 653 | |a Ecología | ||
| 653 | |a Efecto invernadero | ||
| 653 | |a Lluvia acida | ||
| 700 | 1 | |a Español Echaniz, Ignacio, trad. | |
| 859 | |a CEMS |b BIB. CEMS - 11 de abril |h 574.5 |i Er43 |p 17754.94 |t Ej.1 | ||
